[Event "16th HZ Open"]
[Site "Vlissingen NED"]
[Date "2012.08.06"]
[Round "4"]
[White "Lacrosse,M"]
[Black "Sparreboom,W"]
[Result "1/2-1/2"]
[WhiteElo "2197"]
[BlackElo "1982"]

1.d4 d5 2.c4 dxc4 3.Nf3 e6 4.e3 c5 5.Bxc4 Nf6 6.Qe2 cxd4 7.exd4 Bb4+ 8.Nc3 O-O
9.O-O Nc6 10.Rd1 Nd5 11.Bg5 Nxc3 12.bxc3 Be7 13.Bxe7 Qxe7 14.Qe4 Bd7 15.Bd3 g6
16.h4 Rae8 17.Rab1 Nd8 18.Qf4 f6 19.Re1 Bc6 20.Bc4 Qg7 21.Re3 Kh8 22.Qg3 Qd7
23.Rbe1 b5 24.Bb3 a5 25.a3 Bd5 26.Ne5 fxe5 27.Qxe5+ Kg8 28.Bxd5 exd5 29.Qxe8 Rxe8
30.Rxe8+ Kf7 31.Rh8 Ne6 32.Rxh7+ Ng7 33.h5 gxh5 34.Re5 Kg6 35.Rexh5 Qg4 36.R5h6+ Kf5
37.Rh3 Qd1+ 38.Kh2 Kg6 39.R3h6+ Kf7 40.Rh3 Kg6 41.R3h6+ Kf7 42.Rh3 Kg6  1/2-1/2

[Event "16th HZ Open"]
[Site "Vlissingen NED"]
[Date "2012.08.08"]
[Round "6"]
[White "Reisberg,Andre"]
[Black "Tiggelman,R"]
[Result "0-1"]
[WhiteElo "2005"]
[BlackElo "2238"]

1.d4 d5 2.c4 dxc4 3.e3 Nf6 4.Bxc4 e6 5.Nf3 c5 6.O-O a6 7.dxc5 Qxd1 8.Rxd1 Bxc5
9.a4 b6 10.Nc3 Bb7 11.Ne5 Nbd7 12.Nxd7 Nxd7 13.b3 h5 14.Ba3 Bxa3 15.Rxa3 Rc8
16.Ne2 Ne5 17.Rc1 h4 18.h3 Ke7 19.Raa1 Rc7 20.Nd4 Rhc8 21.Rcb1 Nc6 22.Nxc6+ Rxc6
23.Rd1 R8c7 24.Rd4 g5 25.Rad1 Rc5 26.Rg4 Rd7 27.Rxd7+ Kxd7 28.Rd4+ Ke7 29.b4 Rc7
30.f4 f6 31.fxg5 fxg5 32.Rg4 Kf6 33.Kf2 e5 34.Bd3 e4 35.Bxe4 Bc8 36.Bd3 Bxg4
37.hxg4 a5 38.bxa5 bxa5 39.Bb5 Ke5 40.Kf3 Rc5 41.Be8 Rc8 42.Bb5 Rb8 43.Bd7 Kd6
44.Bf5 Rb4 45.Bc2 Ke5 46.Bd1 Kd5 47.Bc2 Kc4 48.Bd1 Kc3 49.e4 Kd4 50.Bc2 Rc4  0-1

[Event "16th Izmailov Mem"]
[Site "Tomsk RUS"]
[Date "2012.08.13"]
[Round "7.16"]
[White "Turovets,Sergey"]
[Black "Fitiak,Sergey"]
[Result "0-1"]
[WhiteElo "1946"]
[BlackElo "2207"]

1.d4 d5 2.Nf3 Nf6 3.c4 dxc4 4.e3 e6 5.Bxc4 c5 6.O-O a6 7.a4 Nc6 8.Nc3 Be7
9.dxc5 Bxc5 10.Qxd8+ Kxd8 11.e4 h6 12.e5 Nd7 13.Re1 g5 14.h3 Nd4 15.Rd1 Nxf3+
16.gxf3 Ke7 17.f4 Rg8 18.Kf1 b6 19.Ne4 Bb7 20.Nd6 Bc6 21.Be3 gxf4 22.Bxf4 Rg2
23.Bg3 Rg8 24.Bd5 Bxd5 25.Rxd5 R8xg3 26.Nc8+ Ke8 27.Rxd7 Rxf2+  0-1

[Event "LBV Open A 2012"]
[Site "Roosendaal NED"]
[Date "2012.08.19"]
[Round "6.17"]
[White "Middelveld,M"]
[Black "Sprenger,J"]
[Result "0-1"]
[WhiteElo "2127"]
[BlackElo "2498"]

1.d4 d5 2.c4 dxc4 3.Nf3 Nf6 4.e3 e6 5.Bxc4 c5 6.O-O a6 7.a4 cxd4 8.exd4 Nc6
9.Nc3 Be7 10.Re1 O-O 11.h3 Nb4 12.Bg5 Bd7 13.Qb3 a5 14.Rad1 Bc6 15.Ne5 Bd5
16.Bxd5 Nfxd5 17.Bxe7 Qxe7 18.Nb5 Rac8 19.Qg3 Rc2 20.b3 h6 21.Nc4 b6 22.Rc1 Rxc1
23.Rxc1 Rc8 24.Re1 Qf6 25.Re4 Nc6 26.Ncd6 Rf8 27.Rg4 h5 28.Ne4 Qh6 29.Rg5 f5
30.Ned6 h4  0-1

[Event "14th Sants Open A"]
[Site "Barcelona ESP"]
[Date "2012.08.21"]
[Round "5.3"]
[White "Narciso Dublan,M"]
[Black "Lopez Martinez,Josep"]
[Result "1-0"]
[WhiteElo "2528"]
[BlackElo "2498"]

1.d4 d5 2.c4 dxc4 3.Nf3 Nf6 4.e3 e6 5.Bxc4 c5 6.O-O Nc6 7.a3 a6 8.dxc5 Qxd1
9.Rxd1 Bxc5 10.b4 Ba7 11.Bb2 Bd7 12.Nbd2 Ke7 13.b5 axb5 14.Bxb5 Rhd8 15.a4 Kf8
16.Ng5 Be8 17.Nde4 Nxe4 18.Nxe4 Rxd1+ 19.Rxd1 Na5 20.Bxe8 Rxe8 21.Rd7 Bb8
22.Ng5 Kg8 23.Rxf7 e5 24.Rd7 b6 25.g4 Nc4 26.Bc3 h6 27.Ne4 Rc8 28.h3 Bc7
29.Ng3 Bd6 30.Nf5 Bf8 31.Rxg7+ Bxg7 32.Ne7+ Kf7 33.Nxc8 Ke6 34.Kf1 Bf8 35.Na7 Kd5
36.Ke2 Ba3 37.Nb5 Bb2 38.h4 e4 39.g5 hxg5 40.hxg5 Ke6 41.g6 Bxc3 42.Nxc3 Nd6
43.Nd5 Nc4 44.g7 Kf7 45.Nf6 Kxg7 46.Nxe4 Kf7 47.Nc3 Ke6 48.Kd3 Ne5+ 49.Ke4 Nd7
50.Kd4 Kd6 51.f4 Kc6 52.f5 Nc5 53.e4 Nd7 54.e5  1-0

[Event "27th Schwarzacher Open"]
[Site "Schwarzach AUT"]
[Date "2012.08.22"]
[Round "5.6"]
[White "Danner,G"]
[Black "Kirsanova,E"]
[Result "1-0"]
[WhiteElo "2374"]
[BlackElo "2168"]

1.d4 d5 2.Nf3 Nf6 3.c4 dxc4 4.e3 e6 5.Bxc4 c5 6.O-O a6 7.dxc5 Qxd1 8.Rxd1 Bxc5
9.Nbd2 Nbd7 10.Be2 O-O 11.Nc4 Ne4 12.Nd4 b6 13.f3 Nef6 14.Nb3 Be7 15.e4 Bb7
16.Be3 Rab8 17.Nd6 b5 18.Nxb7 Rxb7 19.Rac1 Ne5 20.Na5 Rd7 21.Rxd7 Nexd7 22.Nc6 Bd8
23.Nxd8 Rxd8 24.Kf2 h6 25.Rc7 Kf8 26.Ra7 Nb8 27.Bc5+ Kg8 28.Ke3 Nfd7 29.Bd6 e5
30.Rc7 f6 31.Bd1 Nb6 32.Bb3+ Kh8 33.Bc5 N8d7 34.Be7 Re8 35.Bb4 Rc8 36.Rxc8+ Nxc8
37.Be6 Ncb6 38.Kd3 g6 39.b3 Kg7 40.Kc3 f5 41.Be7 fxe4 42.fxe4 Nf6 43.Kb4 Nxe4
44.Ka5 Na8 45.Bd5 Nc3 46.Bxa8 e4 47.Bc5  1-0

[Event "EY Girls U16 2012"]
[Site "Prague CZE"]
[Date "2012.08.23"]
[Round "7.14"]
[White "Bezkorovaina,M"]
[Black "Cemhan,K"]
[Result "0-1"]
[WhiteElo "2056"]
[BlackElo "1938"]

1.d4 d5 2.c4 dxc4 3.Nf3 Nf6 4.e3 e6 5.Bxc4 c5 6.O-O a6 7.Nc3 b5 8.Bb3 Bb7
9.Qe2 Nbd7 10.Rd1 Rb8 11.e4 cxd4 12.Nxd4 Bd6 13.e5 Bxe5 14.Nxe6 fxe6 15.f4 Bxc3
16.bxc3 Qc7 17.Qxe6+ Kd8 18.Be3 Qc6 19.Qh3 Re8 20.Rd2 Kc7 21.f5 Rbd8 22.Bf4+ Kc8
23.Be6 Ne4 24.Rd4 Nc5 25.Bd6 Nxe6 26.fxe6 Rxe6 27.Bg3 Re2  0-1

[Event "2nd Isthmia Open A"]
[Site "Korinthia GRE"]
[Date "2012.08.25"]
[Round "9.18"]
[White "Kokkalis,V"]
[Black "Panagiotopoulos,A"]
[Result "1/2-1/2"]
[WhiteElo "2072"]
[BlackElo "2200"]

1.d4 d5 2.Nf3 Nf6 3.c4 dxc4 4.e3 e6 5.Bxc4 c5 6.O-O a6 7.dxc5 Bxc5 8.Qxd8+ Kxd8
9.Nbd2 b6 10.b3 Bb7 11.Bb2 Ke7 12.Be2 Nbd7 13.Nc4 Rhd8 14.Rfd1 Rac8 15.Kf1 Bd5
16.Rac1 b5  1/2-1/2

[Event "BDO Premier 2012"]
[Site "Haarlem NED"]
[Date "2012.08.27"]
[Round "3.3"]
[White "Swinkels,R"]
[Black "Donchenko,Alexa"]
[Result "1-0"]
[WhiteElo "2482"]
[BlackElo "2417"]

1.d4 d5 2.c4 dxc4 3.e3 e6 4.Bxc4 Nf6 5.Nf3 c5 6.O-O a6 7.Bb3 Nc6 8.Nc3 Qc7
9.Qe2 Bd6 10.dxc5 Bxc5 11.Bd2 O-O 12.Rac1 Bd6 13.h3 Bd7 14.e4 Rfd8 15.Rfe1 Be5
16.Nxe5 Qxe5 17.f4 Qb8 18.Be3 e5 19.f5 Nd4 20.Bxd4 exd4 21.e5 Re8 22.Bxf7+ Kxf7
23.Qc4+ Kf8 24.Qc5+ Kf7 25.Qc4+ Kf8 26.exf6 gxf6 27.Qc5+ Kg8 28.Ne4 Kh8 29.Nxf6 Rxe1+
30.Rxe1 Qc8 31.Qxd4  1-0

[Event "8th Dieppe Open A 2012"]
[Site "Dieppe FRA"]
[Date "2012.08.30"]
[Round "7.7"]
[White "Del Rey,D"]
[Black "Klein,Fe"]
[Result "1-0"]
[WhiteElo "2383"]
[BlackElo "2310"]

1.d4 d5 2.c4 e6 3.Nf3 dxc4 4.e3 Nf6 5.Bxc4 c5 6.O-O a6 7.Bb3 cxd4 8.Nxd4 Bc5
9.Qf3 O-O 10.Rd1 Qe7 11.Nc3 e5 12.Nf5 Bxf5 13.Qxf5 Nc6 14.a3 Rfd8 15.Bd2 Rd7
16.Ne4 Nxe4 17.Qxe4 Rad8 18.Bc3 Rxd1+ 19.Rxd1 Rxd1+ 20.Bxd1 Qe6 21.g4 Bf8
22.Bf3 g6 23.Qd5 Qxd5 24.Bxd5 Bd6 25.g5 Kf8 26.Kg2 Ke7 27.Kf3 Nd8 28.h4 b6
29.b4 Ne6 30.Ke4 a5 31.Bxe5 axb4 32.Bxd6+ Kxd6 33.axb4 Ke7 34.Bxe6 Kxe6 35.f4 Kd6
36.Kd4 Kc6 37.Kc4 Kd6 38.Kb5 Kc7 39.Ka6 Kc6 40.b5+ Kc5 41.e4 f6  1-0

[Event "World Youth U16 Olympiad 2012"]
[Site "Istanbul TUR"]
[Date "2012.09.01"]
[Round "6.1"]
[White "Narayanan,SL"]
[Black "Eliseev,U"]
[Result "0-1"]
[WhiteElo "2328"]
[BlackElo "2480"]

1.d4 d5 2.c4 dxc4 3.Nf3 Nf6 4.e3 e6 5.Bxc4 c5 6.O-O a6 7.Bb3 Nc6 8.Qe2 cxd4
9.Rd1 Be7 10.exd4 O-O 11.Nc3 Na5 12.Bc2 b5 13.Ne5 Bb7 14.Bg5 Rc8 15.a3 Nc4
16.Bd3 Nb6 17.Bxf6 Bxf6 18.Be4 Qc7 19.Bxb7 Qxb7 20.a4 bxa4 21.Nxa4 Bxe5 22.dxe5 Nd5
23.Nc3 Nf4 24.Qe4 Qxb2 25.Qxf4 Qxc3 26.Rxa6 Rc5 27.h4 Rxe5 28.Qd4 Re1+ 29.Kh2 Qc8
30.Rxe1 Qxa6 31.Qe5 Rd8 32.Rd1 Qb6 33.Rxd8+ Qxd8 34.g3 h6 35.Qe3 Qd5 36.Qc3 Qe4
37.Qc8+ Kh7 38.Qc7 Qf5 39.Kg2 Kg6 40.Qa7 Qe4+ 41.Kh2 e5 42.Qe7 Qf5 43.Qd6+ f6
44.Kg1 Qb1+ 45.Kg2 Qe4+ 46.Kg1 Kh5 47.Qd1+ Kg6 48.Qd7 Kh7 49.Qf7 Qg6 50.Qd5 Qg4
51.Qc5 e4 52.Kh2 Qf3 53.Qa7 Kg6 54.Qd4 Kh5 55.Qd5+ f5 56.Qd4 g6 57.Qa7 Kg4
58.Qb6 g5 59.hxg5 hxg5 60.Qd4 Qd3 61.Qh8 Kf3 62.Qh5+ Kxf2 63.Qxg5 e3 64.Qf4+ Ke1
65.Kg1 Kd1 66.Qa4+ Ke2 67.Kh2 Qe4 68.Qa2+ Kf1 69.Qa1+ Kf2 70.Qg1+ Ke2 71.Qc1 f4
72.Qb2+ Kf1 73.Qc1+ Kf2 74.Qg1+ Ke2 75.Qa1 Qf3 76.Qa6+ Kf2  0-1

[Event "World Youth U16 Olympiad 2012"]
[Site "Istanbul TUR"]
[Date "2012.09.03"]
[Round "7.16"]
[White "Koekemoer,Bernard"]
[Black "Jensen,Tobias Ilsoe"]
[Result "0-1"]
[WhiteElo "1765"]
[BlackElo "1812"]

1.d4 d5 2.c4 dxc4 3.Nf3 Nf6 4.e3 e6 5.Bxc4 c5 6.O-O a6 7.Qe2 Nc6 8.Rd1 cxd4
9.Nxd4 Nxd4 10.exd4 Be7 11.d5 exd5 12.Nc3 Bg4 13.f3 Be6 14.Kh1 h6 15.Bxd5 Bxd5
16.Nxd5 Nxd5 17.Qe5 O-O 18.Rxd5 Qe8 19.Bd2 Bf6 20.Qc7 Qc8 21.Rd7 Rd8 22.Rxd8+ Qxd8
23.Qc2 Rc8 24.Bc3 Qc7 25.Rc1 b5 26.Qd1 Bg5 27.Rc2 b4 28.Qd4 bxc3  0-1

[Event "World Youth U16 Olympiad 2012"]
[Site "Istanbul TUR"]
[Date "2012.09.03"]
[Round "8.5"]
[White "Cheng,Bo"]
[Black "Eliseev,U"]
[Result "1/2-1/2"]
[WhiteElo "2358"]
[BlackElo "2480"]

1.d4 d5 2.c4 dxc4 3.e3 Nf6 4.Bxc4 e6 5.Nf3 c5 6.O-O a6 7.Bb3 Nc6 8.Nc3 Be7
9.dxc5 Qxd1 10.Rxd1 Bxc5 11.Na4 Ba7 12.Bd2 Ne4 13.Be1 b5 14.Rac1 Bb7 15.Nc3 Nf6
16.Na4 Ne4 17.Nc3 Nf6 18.Na4 Ne4 19.Bc2 Nf6 20.Nc3 Ke7 21.a4 bxa4 22.Bxa4 Rhd8
23.Rxd8 Rxd8 24.Na2 Rc8 25.Nb4 Nb8 26.Rxc8 Bxc8 27.Ne5 Kf8 28.Nbd3 Nfd7 29.Bb4+ Kg8
30.Bd6 Nxe5 31.Nxe5 f6 32.Nc4 Nd7 33.Bc7 Nc5 34.Bc6 e5 35.b4 Ne6 36.Bd5 Kf8
37.Bd6+ Ke8 38.Kf1 Nd8 39.Bc5 Bxc5 40.bxc5 Be6 41.e4 Kd7 42.Ke2 Nc6 43.Nb6+ Kc7
44.Kd3 Bd7 45.Bc4 Be8 46.Kc3 Kb7 47.Be6 Nd4 48.Bd5+ Kc7 49.Kb4 Bb5 50.Na8+ Kb8
51.Ka5 Ka7 52.Nc7 Bf1 53.c6 Bxg2 54.Ne6 Bh3 55.Nxg7 Bc8 56.Ne8 Nb5 57.Nxf6 h6
58.Ne8 Bg4 59.c7 Bh3 60.f3 h5 61.Bc6 Nd4 62.Bd5 Nb5 63.Bc4 Kb7 64.Bxb5 axb5
65.Kb4 Kc6 66.Nf6 Kxc7 67.Kxb5 Kd6 68.Nh7 Bg2 69.Ng5 h4 70.Kc4 Ke7 71.Kd5 Kf6
72.Ne6 Bxf3 73.Nc5 Kg5 74.Nd3 Be2 75.Nxe5 h3 76.Kd4 Kf4 77.Ng6+ Kf3 78.e5 Bb5
79.e6 Be8 80.Nh4+ Kg4 81.Ke3 Kxh4 82.Kf2 Kg4 83.e7 Kf4 84.Kg1 Ke3 85.Kf1 Kf3
86.Kg1 Ke2 87.Kh1 Ke1 88.Kg1 Ke2 89.Kh1 Kf3 90.Kg1 Ke2  1/2-1/2

[Event "11th Istanbul Open A"]
[Site "Istanbul TUR"]
[Date "2012.09.04"]
[Round "5"]
[White "Sulashvili,M"]
[Black "Raetsky,A"]
[Result "1/2-1/2"]
[WhiteElo "2415"]
[BlackElo "2445"]

1.d4 d5 2.Nf3 Nf6 3.c4 dxc4 4.e3 e6 5.Bxc4 c5 6.O-O Nc6 7.dxc5 Bxc5 8.Qxd8+ Kxd8
9.a3 Ke7 10.b4 Bd6 11.Bb2 a6 12.Rc1 Bd7  1/2-1/2

[Event "11th Istanbul Open A"]
[Site "Istanbul TUR"]
[Date "2012.09.06"]
[Round "7"]
[White "Ivanov,MM"]
[Black "Karpatchev,A"]
[Result "1/2-1/2"]
[WhiteElo "2374"]
[BlackElo "2456"]

1.d4 d5 2.c4 dxc4 3.Nf3 Nf6 4.e3 e6 5.Bxc4 c5 6.O-O a6 7.dxc5 Bxc5 8.Qxd8+ Kxd8
9.b3 Ke7 10.Bb2 Rd8 11.Nc3 b5 12.Be2 Bb7 13.a4  1/2-1/2

[Event "zt 3.5 China Men 2012"]
[Site "Beijing CHN"]
[Date "2012.09.20"]
[Round "11.10"]
[White "Ma,Zhonghan"]
[Black "Xu,Minghui"]
[Result "1-0"]
[WhiteElo "2336"]
[BlackElo "2086"]

1.d4 d5 2.c4 dxc4 3.Nf3 Nf6 4.e3 e6 5.Bxc4 c5 6.O-O a6 7.Bb3 Nc6 8.Nc3 cxd4
9.exd4 Be7 10.Bg5 O-O 11.Qd2 b6 12.Rad1 Ra7 13.Qf4 Rd7 14.Rfe1 Re8 15.Bc2 Nb4
16.Bb1 h6 17.Bh4 Nfd5 18.Qe4 Bxh4 19.Qh7+ Kf8 20.Qh8+ Ke7 21.Qxg7 Bf6 22.Qxh6 Nxc3
23.bxc3 Rh8 24.Qd2 Nc6 25.Be4 Na5 26.c4 Kf8 27.Qb4+ Be7 28.Qc3 Bb7 29.Ne5 Rc7
30.Bxb7 Nxb7 31.d5 Rg8 32.dxe6 Nd6 33.Nxf7 Qa8 34.g3 Nxf7 35.exf7 Kxf7 36.Qe5 Qc6
37.Re4 Rg6 38.Rf4+ Rf6 39.Qh5+ Kf8 40.Qh8+ Kf7 41.Rg4 Bf8 42.Rd8 Ke7 43.Rd3 Ke8
44.Qh5+ Rff7 45.Rf4 Bc5 46.Rd5 Rd7 47.Qh8+ Ke7 48.Re4+  1-0

[Event "Tatry Open 2012"]
[Site "Tatranske Zruby SVK"]
[Date "2012.09.25"]
[Round "4.12"]
[White "Volodin,V"]
[Black "Klein,Fe"]
[Result "0-1"]
[WhiteElo "2209"]
[BlackElo "2310"]

1.Nf3 d5 2.d4 e6 3.c4 dxc4 4.e3 c5 5.Bxc4 Nf6 6.O-O a6 7.a4 Nc6 8.Nc3 Be7
9.dxc5 Qxd1 10.Rxd1 Bxc5 11.h3 b6 12.e4 Bb7 13.Bg5 h6 14.Bh4 Nh5 15.g4 Nf4
16.Bf1 g5 17.Bg3 Ng6 18.Bd6 Bxd6 19.Rxd6 Rd8 20.Rad1 Rxd6 21.Rxd6 Ke7 22.Rd1 Rc8
23.Kh2 Nce5 24.Nxe5 Nxe5 25.Rb1 Nc4 26.Bd3 Kf6 27.Na2 Nd2 28.Rd1 Nxe4 29.Bxe4 Bxe4
30.Nc3 Bc6 31.Rd4 a5 32.Kg3 Ke5 33.Rd1 Bd5 34.Re1+ Kd6 35.f4 gxf4+ 36.Kxf4 Rc4+
37.Kg3 Bc6 38.Kh4 Bxa4 39.Nxa4 Rxa4 40.Kh5 Rb4 41.Re2 f5 42.Rg2 Rb3 43.h4 fxg4
44.Kxh6 Rh3 45.h5 g3 46.Kg5 a4 47.Kg4 Rh2 48.Rxg3 Rxb2 49.h6 Rc2 50.Rd3+ Ke5
51.Re3+ Kf6 52.h7 Rh2 53.Re4 b5 54.Rb4 Rxh7 55.Rxb5 Ra7 56.Rb2 a3 57.Ra2 Ke5
58.Kf3 Kd4 59.Ke2 Kc3  0-1

[Event "Vladivostok Russian Cup 2012"]
[Site "Vladivostok RUS"]
[Date "2012.09.25"]
[Round "9.14"]
[White "Tsilidis,A"]
[Black "Batsanin,D"]
[Result "1-0"]
[WhiteElo "2259"]
[BlackElo "2442"]

1.d4 d5 2.c4 dxc4 3.Nf3 Nf6 4.e3 e6 5.Bxc4 c5 6.O-O a6 7.b3 b5 8.Be2 Bb7
9.Bb2 Nbd7 10.a4 b4 11.Nbd2 Be7 12.Nc4 O-O 13.Nfe5 cxd4 14.Bxd4 Nxe5 15.Bxe5 Nd7
16.Bf3 Bxf3 17.Qxf3 Rc8 18.Bg3 Rxc4 19.bxc4 Qc8 20.Rad1 Nc5 21.Bd6 Bxd6 22.Rxd6 Nxa4
23.Qc6 Nc3 24.Qxc8 Rxc8 25.Rxa6 g6 26.Rb6 Rxc4 27.Ra1 Kg7 28.Rb7 Ne4 29.f3 Nd6
30.Rd7 Rc6 31.e4 Kf6 32.Rd1 Nc4 33.Rb7 Ne3 34.Rdd7 Rc2 35.f4 Rxg2+ 36.Kh1 e5
37.Rxf7+ Ke6 38.Rfe7+ Kd6 39.fxe5+ Kc5 40.Rec7+ Kd4 41.e6 Ra2 42.Rc1 Ra8
43.e7 Re8 44.Rxb4+ Ke5 45.Rc7 Ng4 46.Kg2 Kd6 47.Ra7 Ke6 48.Rbb7 Nf6 49.Kf3 Ng8
50.Kf4 Nxe7 51.Rxe7+ Rxe7 52.Rxe7+ Kxe7 53.Kg5 Ke6 54.Kh6 Ke5 55.Kxh7 g5
56.Kg6 g4 57.Kg5 Kxe4 58.Kxg4 Ke5 59.Kg5 Ke6 60.Kg6 Ke7 61.Kg7 Ke6 62.h4  1-0

[Event "Tatry Open 2012"]
[Site "Tatranske Zruby SVK"]
[Date "2012.09.27"]
[Round "6.7"]
[White "Dobrotka,M"]
[Black "Klein,Fe"]
[Result "1/2-1/2"]
[WhiteElo "2235"]
[BlackElo "2310"]

1.d4 d5 2.Nf3 e6 3.c4 dxc4 4.e3 c5 5.Bxc4 Nf6 6.O-O a6 7.dxc5 Bxc5 8.Qxd8+ Kxd8
9.Ne5 Ke7 10.Be2 Bd7 11.Nd2 Bb5 12.Ndc4 Nc6 13.Nxc6+ Bxc6 14.Bd2 Bb5 15.Rfc1 Ne4
16.Be1 Nd6 17.Nxd6 Bxd6 18.Bf3 Rab8 19.a4 Bd7 20.Bc3 f6 21.a5 Rhc8 22.Rd1 Bc6
23.Bxc6 Rxc6 24.Ra4 Rd8 25.Kf1 Bc5 26.Rxd8 Kxd8 27.Rg4  1/2-1/2

[Event "Tatry Open 2012"]
[Site "Tatranske Zruby SVK"]
[Date "2012.09.27"]
[Round "6.1"]
[White "Vyskocil,N"]
[Black "Talla,V"]
[Result "1/2-1/2"]
[WhiteElo "2368"]
[BlackElo "2395"]

1.d4 d5 2.c4 dxc4 3.Nf3 Nf6 4.e3 e6 5.Bxc4 c5 6.O-O a6 7.dxc5 Qxd1 8.Rxd1 Bxc5
9.a3 b5 10.Ba2 O-O 11.b4 Be7 12.Bb2 Bb7 13.Nbd2 a5  1/2-1/2

[Event "TCh-FIN SM 2012-13"]
[Site "Jyvaskyla FIN"]
[Date "2012.09.28"]
[Round "1.7"]
[White "Huovinen,Jere"]
[Black "Torkkola,Henri"]
[Result "1-0"]
[WhiteElo "2178"]
[BlackElo "2122"]

1.d4 d5 2.c4 dxc4 3.Nf3 Nf6 4.e3 e6 5.Bxc4 c5 6.O-O a6 7.a4 Nc6 8.Nc3 Qc7
9.Qe2 Bd6 10.Rd1 O-O 11.h3 b6 12.dxc5 Bxc5 13.e4 Ne5 14.Bf4 Nxf3+ 15.Qxf3 Bxf2+
16.Qxf2 Qxc4 17.Bd6 Re8 18.e5 Ne4 19.Nxe4 Qxe4 20.Rd4 Qc6 21.Rf1 Ra7 22.Rf4 Qb7
23.Rg4 f5 24.exf6 g6 25.f7+ Qxf7 26.Rf4 Qg7 27.Rf8+  1-0

[Event "Oslo GM Open 2012"]
[Site "Oslo NOR"]
[Date "2012.09.30"]
[Round "5.3"]
[White "Narciso Dublan,M"]
[Black "Donchenko,Alexa"]
[Result "1-0"]
[WhiteElo "2523"]
[BlackElo "2395"]

1.d4 d5 2.c4 dxc4 3.e3 e6 4.Bxc4 c5 5.Nf3 Nf6 6.O-O a6 7.b3 b6 8.Bb2 Bb7
9.Nbd2 Nbd7 10.Qe2 cxd4 11.Nxd4 Bd6 12.Bd3 Qb8 13.f4 O-O 14.Rad1 Nc5 15.Bb1 b5
16.Qe1 Nce4 17.Qh4 Nxd2 18.Rxd2 Ne4 19.Bxe4 Bxe4 20.f5 exf5 21.Nxf5 Bxf5
22.Rxf5 f6 23.Rh5 Rd8 24.Rxh7 Bxh2+ 25.Kf1 Qc7 26.Qh5 Kf8 27.Ba3+ b4 28.Bxb4+ Bd6
29.Rxd6 Rxd6 30.Rh8+ Ke7 31.Rxa8 Qc1+ 32.Kf2 Qc2+ 33.Kg3 Qc6 34.Ra7+ Ke6
35.Qf7+ Kf5 36.Re7 g6 37.Bxd6 Qxd6+ 38.Kh3 Qd1 39.Qe6+ Kg5 40.Kg3 f5 41.Rh7  1-0

[Event "Oslo GM Open 2012"]
[Site "Oslo NOR"]
[Date "2012.09.30"]
[Round "6.1"]
[White "Gordon,S"]
[Black "Groenn,A"]
[Result "1-0"]
[WhiteElo "2556"]
[BlackElo "2364"]

1.d4 d5 2.c4 dxc4 3.Nf3 Nf6 4.e3 e6 5.Bxc4 c5 6.O-O a6 7.dxc5 Qxd1 8.Rxd1 Bxc5
9.Be2 Nbd7 10.Nfd2 O-O 11.Nb3 Bb6 12.Na3 Bc7 13.Bd2 Ne5 14.Rac1 Bd6 15.Ba5 Be7
16.Bc3 Nc6 17.Nc4 Nd5 18.Be1 f5 19.Bf3 Bf6 20.Bxd5 exd5 21.Nb6 Rb8 22.Bc3 Bd8
23.Nxc8 Rxc8 24.Nc5 Rf7 25.Rxd5 Bg5 26.Rcd1 h6 27.Rd7 Rc7 28.Rxc7 Rxc7 29.Ne6 Re7
30.Nxg7 Rxg7 31.Bxg7 Kxg7 32.Rd7+ Be7 33.Rxb7 Kf7 34.Rb6 Nb4 35.a3 Nd3 36.b4 a5
37.bxa5 f4 38.a6  1-0

[Event "Oslo GM Open 2012"]
[Site "Oslo NOR"]
[Date "2012.09.30"]
[Round "7.7"]
[White "Lundin,J"]
[Black "Galinsky,T"]
[Result "1/2-1/2"]
[WhiteElo "2245"]
[BlackElo "2431"]

1.d4 d5 2.c4 dxc4 3.Nf3 Nf6 4.e3 e6 5.Bxc4 c5 6.O-O a6 7.b3 Be7 8.Bb2 Nc6
9.Nbd2 O-O 10.Rc1 cxd4 11.Nxd4 Bd7 12.N2f3 Qa5 13.Qe2 Nxd4 14.Bxd4 Rfc8 15.Ne5 Be8
16.Bd3 Rxc1 17.Rxc1 Qd8 18.Rd1 Qc7 19.Ng4 Nxg4 20.Qxg4 g6 21.Bb2 Rd8 22.Bb1 f5
23.Qe2 Bb5 24.Rxd8+ Qxd8  1/2-1/2

[Event "TCh-Belgrade Premier 2012"]
[Site "Belgrade SRB"]
[Date "2012.10.03"]
[Round "3.2"]
[White "Dinic,G"]
[Black "Dimitrijevic,R"]
[Result "1/2-1/2"]
[WhiteElo "2250"]
[BlackElo "2256"]

1.Nf3 d5 2.d4 Nf6 3.c4 dxc4 4.e3 e6 5.Bxc4 c5 6.O-O a6 7.Bb3 b5 8.a4 b4 9.Nbd2 Bb7
10.Re1 Nbd7 11.e4 cxd4 12.e5 Nd5 13.Nc4 Nc5 14.Bg5 Qc7 15.Rc1 h6 16.Bd2 Qd7
17.Nxd4 Nxb3 18.Nxb3 Be7 19.Qg4 Kf8 20.Nba5 Kg8 21.b3 Re8 22.Nxb7 Qxb7 23.Qd4 Kh7
24.Na5 Qd7 25.Nc6 Qb7 26.Na5 Qd7 27.Nc6 Qb7 28.Qe4+ g6 29.Rc4 Rc8 30.Rec1 Rc7
31.Na5 Qb6 32.Rxc7 Nxc7 33.Nc4 Qa7 34.Be3 Qb8 35.Nb6 Kg7 36.Qc6 Rd8 37.Nd7 Qc8
38.Nb6 Qb8 39.Nd7 Qc8 40.Nb6  1/2-1/2

[Event "17th European Club Cup w"]
[Site "Eilat ISR"]
[Date "2012.10.17"]
[Round "7.1"]
[White "Savina,A"]
[Black "Tsifanskaya,L"]
[Result "1/2-1/2"]
[WhiteElo "2303"]
[BlackElo "2087"]

1.d4 d5 2.c4 dxc4 3.e3 Nf6 4.Bxc4 e6 5.Nf3 c5 6.O-O a6 7.a4 Nc6 8.Qe2 Qc7
9.Rd1 Be7 10.b3 O-O 11.dxc5 Bxc5 12.Bb2 e5 13.Nc3 e4 14.Ng5 Bg4 15.Nd5 Bxe2
16.Nxc7 Bxd1 17.Nxa8 Bh5 18.Nc7 Be7 19.Rc1 Rc8 20.Nce6 Na5 21.Nf4 Nxc4 22.bxc4 Bg6
23.Nxg6 hxg6 24.Bxf6 gxf6 25.Nxe4 f5 26.Nd2 b5 27.axb5 axb5 28.Kf1 Bb4 29.Ke2 Bxd2
30.Kxd2 bxc4 31.Kc3 Kg7 32.h4 Ra8 33.Rc2 Ra4 34.g3 Kh6 35.Rd2 Kh5 36.Rd4 Ra2
37.Rf4 f6 38.Kxc4 Ra5 39.Kd3 g5 40.Rc4 Ra2 41.Rc2 Ra3+ 42.Ke2 gxh4 43.gxh4 Kxh4
44.Kf3 Ra4 45.Rc8 Kg5 46.Rg8+ Kh6 47.Kg3 Kh7 48.Rd8 Kg6 49.Rd4 Ra2 50.f3 Rb2
51.Kf4 Rb5 52.Ra4 Rc5 53.Ra7 Rc4+ 54.Kg3 Rc5 55.Re7 Re5  1/2-1/2

[Event "Copenhagen Cup IMA 2012"]
[Site "Copenhagen DEN"]
[Date "2012.10.20"]
[Round "7.1"]
[White "Teplyi,I"]
[Black "Carstensen,J"]
[Result "1/2-1/2"]
[WhiteElo "2386"]
[BlackElo "2362"]

1.Nf3 d5 2.d4 Nf6 3.c4 dxc4 4.e3 e6 5.Bxc4 c5 6.O-O a6 7.dxc5 Bxc5 8.Qxd8+ Kxd8
9.Be2 Nc6 10.Nbd2 Ke7 11.a3 Rd8 12.b4 Bd6 13.Nc4 Ne8 14.Nb6 Rb8 15.Bb2 f6
16.Rac1 Bd7 17.Rfd1 Bc7 18.Nxd7 Rxd7 19.Rxd7+ Kxd7 20.Bd3 h6 21.Kf1 Nd6 22.Ke2 b5
23.Nd2 Bb6 24.Nb3 a5 25.Bc3 axb4 26.axb4 Ra8 27.Ra1 Rxa1 28.Nxa1 Ne7 29.Nc2 Nd5
30.Bd2 e5 31.f3 Kc6 32.g3 Nc7 33.Na3 Ne6 34.Bc3 Nc7 35.h3 Nd5 36.Bd2 Ba7
37.g4 Nb6 38.Nc2 Nbc4 39.Bc3 Kd5 40.Bh7 g5 41.Bg8+ Kc6 42.Be1 Nb6 43.Kd3 Ndc4
44.h4 Nd5 45.h5 Bb6 46.Bf2 Kd6 47.Bxd5 Kxd5 48.e4+ Kc6 49.Bxb6 Kxb6 50.Na1 Kc6
51.Nb3 Kd7 52.Nc1 Nb2+ 53.Kc2 Nc4 54.Ne2 Nd6 55.Nc3 Ke7 56.Kd3 Ke6 57.Nd5 Kf7
58.Nc7 Ke7 59.Nd5+ Kf7 60.Nc3  1/2-1/2

[Event "5th Douglas Martinez"]
[Site "Guarenas VEN"]
[Date "2012.10.26"]
[Round "3.8"]
[White "Kjartansson,G"]
[Black "Borges Mateos,J"]
[Result "1/2-1/2"]
[WhiteElo "2385"]
[BlackElo "2453"]

1.d4 d5 2.c4 dxc4 3.e3 Nf6 4.Bxc4 e6 5.Nf3 c5 6.O-O a6 7.dxc5 Qxd1 8.Rxd1 Bxc5
9.Nbd2 Ke7 10.a3 Bd7 11.b4 Bd6 12.Bb2 Ba4 13.Re1 Rd8 14.g3 Nc6 15.e4 Bc7
16.Rac1 Ng4 17.Bxg7 Bb6 18.Re2 f6 19.e5 Ncxe5 20.h3 Nxf2 21.Rxf2 Nd3 22.Bxd3 Rxd3
23.Rc5 Bxc5 24.bxc5 Rg8 25.Bxf6+ Kxf6 26.Ne1+ Ke7 27.Nxd3 Rxg3+ 28.Kh2 Rxd3
29.Nc4 Rc3 30.Nb6 Bc6 31.Nc8+ Kd7 32.Nb6+ Ke8 33.Rf6 Ke7 34.Rh6 Rxc5 35.Rxh7+ Kf6
36.Nd7+ Bxd7 37.Rxd7 Rc2+ 38.Kg1 Rc3 39.Kg2 b5 40.a4 b4 41.Rb7 a5 42.Rb5 Rc8
43.h4 Rd8 44.Kf3 Rd5 45.Ke4 Rf5 46.Kd4 Rf4+ 47.Ke3 Rxh4 48.Rxa5 Rh3+ 49.Kd4 b3
50.Rb5 Rh4+ 51.Kd3 Rxa4 52.Rxb3 Ke5 53.Ke3 Ra5 54.Rb4 Ra3+ 55.Ke2 Kf5 56.Rc4 e5
57.Rb4 e4 58.Rb8  1/2-1/2

[Event "TCh-SVK Extraliga 2012-13"]
[Site "Slovakia SVK"]
[Date "2012.10.27"]
[Round "1.5"]
[White "Najgebauer,S"]
[Black "Hagara,E"]
[Result "0-1"]
[WhiteElo "2187"]
[BlackElo "2410"]

1.d4 d5 2.c4 dxc4 3.e3 Nf6 4.Nf3 e6 5.Bxc4 c5 6.O-O a6 7.Nc3 Nc6 8.Bb3 Bd6
9.h3 O-O 10.Qe2 b5 11.Rd1 Qc7 12.dxc5 Bxc5 13.e4 Ne5 14.Bg5 Nfd7 15.Rac1 Qa7
16.Bf4 Ng6 17.Bg3 Nf6 18.Ne5 Bb7 19.Nd7 Nxd7 20.Rxd7 Rad8 21.Rcd1 Rxd7 22.Rxd7 Qa8
23.a3 Bc6 24.Rd2 Rd8 25.Rxd8+ Qxd8 26.Kh2 Bb7 27.Qd1 Qxd1 28.Bxd1 Bd4 29.f3 Kf8
30.Bd6+ Ke8 31.Be2 Kd7 32.Bb4 Ne5 33.Kg3 Nc6 34.Bf8 Ke8 35.Bd6 Kd7 36.Bf8 Ne7
37.f4 Ke8 38.Bxe7 Kxe7 39.Bd3 h6 40.Kf3 Kd6 41.Ke2 h5 42.g3 f6 43.Kd2 Bf2
44.Ne2 h4 45.gxh4 Bxh4 46.Nc3 g5 47.Ke3 gxf4+ 48.Kxf4 Bg5+ 49.Kg4 Bc1 50.Nd1 Ke5
51.a4 bxa4 52.Nc3 Bxb2 53.Nxa4 Bd4 54.h4 Bxe4 55.Bxa6 Bc6  0-1

[Event "e2e4 Basingstoke Int Open"]
[Site "Basingstoke ENG"]
[Date "2012.10.29"]
[Round "5.2"]
[White "Cobb,J"]
[Black "Thorhallsson,T"]
[Result "0-1"]
[WhiteElo "2423"]
[BlackElo "2436"]

1.Nf3 d5 2.d4 Nf6 3.c4 dxc4 4.e3 e6 5.Bxc4 c5 6.Nc3 a6 7.dxc5 Qxd1+ 8.Kxd1 Bxc5
9.Bd2 Nbd7 10.Ke2 b6 11.Rhd1 Ke7 12.Rac1 Bb7 13.a3 Rhd8 14.Be1 Bd6 15.Ba2 Rac8
16.Kf1 Nc5 17.Nd4 Ng4 18.h3 Ne5 19.f4 Ned3 20.Bh4+ g5 21.Bxg5+ f6 22.Bxe6 Nxe6
23.Nf5+ Kf7 24.Rxd3 Bc5 25.Rxd8 Rxd8 26.Bh4 Rd2 27.Bf2 Nxf4 28.Nd6+ Bxd6
29.exf4 Rxb2 30.Rd1 Bc5 31.Bxc5 Bxg2+ 32.Kg1 bxc5 33.Na4 Ra2 34.Nxc5 Bxh3
35.Nxa6 Rxa3 36.Nb4 Bf5 37.Kf2 Be4 38.Rd4 f5 39.Ke2 Rf3 40.Rd7+ Kg6 41.Rd6+ Kh5
42.Na6 Kg4 43.Nc5 h5 44.Rh6 Rxf4 45.Ne6 Rf3 46.Rg6+ Kh4 47.Rg1 Rg3 48.Rc1 Ra3
49.Rg1 Bf3+ 50.Kf2 Bd5 51.Nd4 Be4 52.Ne2 Rf3+ 53.Ke1 Ra3 54.Rg7 Bf3 55.Nf4 Bg4
56.Kd2 Ra4 57.Nd3 Kg3 58.Ke3 Re4+ 59.Kd2 h4 60.Nc5 Re5 61.Nd3 Re2+  0-1